SNL Impressions (70s) Quiz Stats

Quiz not verified by Sporcle

Challenge
Share
Tweet
Embed
Score 0/21 Timer 05:00
0 Plays Today
Quote Being Impersonated % Correct
'I do have two major announcements.' [ awkward pause ] 'To make. Whoop!' [ suddenly falls to the fall behind the podium ] 'Uh-oh!' [ stands back on his feet ] 'No problem. No problGerald Ford
78.6%
'Repeat. Identify yourself.' [ viewscreen shows a maroon 1968 Chrysler limo flying behind them ] 'What kind of ship is that, Mr. Spock?'William Shatner
67.9%
'Times have changed, you know, and young people have changed with them.' [ she does a spin ] 'Even as we stand still! Leave him alone, and chances are he'll grow out of it.Betty Ford
66.1%
'I'm not going to belabor the fact that Mr. Ford was appointed -- not elected, but appointed -- by far the most corrupt president'Jimmy Carter
57.1%
'Well, Abe, you were lucky. They shot you. Come on clot! Move up to my heart! Kill me! Kill me!'Richard Nixon
53.6%
'Fascinating, Captain. It would appear to be an early gas combustion vehicle, at least two or three hundred years old'Leonard Nimoy
51.8%
'Hello, everyone. I hope you're as excited as I'm pretending to be, because we're ready to play Family Feud'Richard Dawson
48.2%
Richard Nixon: Don't you want to pray, you Christ-killer?: 'I don't vant to get into zat again, Mr. President.Henry Kissinger
44.6%
'Oh, that's reggae [not reggie], Miss Parton'Bob Marley
42.9%
'Yeah! I am the champ of the world. To all, this is known! Now, let's talk about this turkey -- Sylvester Stallone!'Muhammad Ali
41.1%
Oh holy tamale I can't tell you, I'm so hootchie-hootchie-hootchie -- [shakes her chest at Gern Blanston]Charo
41.1%
Quote Being Impersonated % Correct
We're gonna go over turn to this song by Mr. Mike, 'Nice.. And Easy' and we're gonna finish.. rough. This is how we do 'Proud Mary.'Tina Turner
37.5%
'Crap! Oh! Oh, now I've done it - I've cut the dickens out of my finger'Julia Childs
33.9%
'Hello.' [giggles] 'Pleased to meet you both!' [to Bob Marley] 'I just love your 'reggie' music. It's so cute.'Dolly Parton
32.1%
'All I need is someone, whoa oh oh oh, yeah!' [stands up on one foot, performs a 720-degree spin and flips himself to the ground]Joe Cocker
28.6%
'That's right. I've started on a strict diet. Nothing but chicken'Elizabeth Taylor
23.2%
'Alright, now let's get a wide shot of this - I can boogie just like the next guy! I mean, the little walk.' [demonstrates ] 'You know, the big thing with your leg.'Tom Snyder
8.9%
'Baby, there's TWO things you know about (Being Impersonated) : #1. that he stands perfectly still when he sings, and #2. he always wears his shades!'Roy Orbison
7.1%
How’s your LOVE life?: [looking lost] 'It’s, uh... toilet'Greg Allman
5.4%
Good evening, everybody, and welcome to Celebrity Weight Lifting: Oh, I... I think it's my collarbone... I... I think I broke it'Jackie Onassis
5.4%
'Oh, Miss Slice. You know, I've never actually seen you perform, but I've heard that you're very, very hot. Do have a good show, really!' [Candy burps]Olivia Newton-John
1.8%

You're not logged in!

Compare scores with friends on all Sporcle quizzes.
Join for Free
OR
Log In

You Might Also Like...

Show Comments

Extras

Top Quizzes Today


Score Distribution

Your Account Isn't Verified!

In order to create a playlist on Sporcle, you need to verify the email address you used during registration. Go to your Sporcle Settings to finish the process.

Report this User

Report this user for behavior that violates our Community Guidelines.

Details: